000
00286nam a2200109Ia 4500
008
171211s9999 xx 000 0 und d
245
_a
Pam's Cookie Collection
245
_c
Pam Reiss
260
_c
2017
650
_x
COOKBOOKS
856
_u
http://down.ebook777.com/064/9780981380919.pdf
999
_c
348121
_d
348121